000 00506nam a2200181Ia 4500
001 9385
005 20260306161714.0
008 260306t2015||||xx |||||||||||||| ||spa||
041 _aESP
082 _a378.194
_bM97
100 _aMurillo Fernández, Mary Edith
_eAUT
245 0 _aLos géneros académicos en la universidad:
_buna secuencia didáctica para la enseñanza del ensayo
260 _c2015
300 _a230 páginas :
_c24 cm.
650 _aGEN
654 _aCED
942 _cLIB
_dJUS
_fJUS
_2ddc
_n
999 _c9385
_d9385